000 00332nam a2200145Ia 4500
008 230917s9999||||xx |||||||||||||| ||und||
040 _e200805
_aMAIN
041 _aEnglish
082 _a822.33 S15K
100 _aShakespeare, William
245 0 _aKing Lear
260 _aNew York
_bDover
_c1963
300 _a287 p.
942 _cBK
999 _c50146
_d50146